Mistrzowski skład Bogdanka LUK Lublin - sezon 2024/25 - Statystyki

Ogólne statystyki
  • Ten quiz został rozwiązany 20 razy
  • Średni wynik to 10 z 15
Statystyki odpowiedzi
# Odpowiedź % Poprawnych
4 Marcin Komenda
94%
9 Wilfredo Leon
94%
35 Kewin Sasak
76%
11 Aleks Grozdanov
71%
1 Jan Nowakowski
71%
6 Mateusz Malinowski
71%
5 Mikołaj Sawicki
71%
7 Jakub Wachnik
59%
20 Maciej Zając
59%
17 Thales Hoss
59%
33 Fynnian McCarthy
53%
16 Maciej Czyrek
53%
Coach Massimo Botti
53%
10 Mikołaj Słotarski
53%
21 Bennie Tuinstra
47%
Nie znaleziono quizów pasujących do podanych kryteriów
Rozkład punktacji
Procent ludzi z każdym wynikiem
Percentyl według liczby udzielonych odpowiedzi
Twoja historia wyników
Nie rozwiązałeś tego quizu